Random Cumulative Number quiz 1 to x ? - Statistics

General Stats
  • This quiz has been taken 14 times
  • The average score is 7 of 10
Answer Stats
Sum 1 to ? Total % Correct
1 1
100%
4 10
100%
47 1128
100%
49 1225
100%
5 15
100%
17 153
100%
19 190
100%
6 21
100%
7 28
100%
2 3
100%
9 45
100%
32 528
100%
10 55
100%
39 780
100%
40 820
100%
34 595
50%
41 861
33%
45 1035
0%
14 105
0%
46 1081
0%
48 1176
0%
15 120
0%
50 1275
0%
16 136
0%
18 171
0%
20 210
0%
21 231
0%
22 253
0%
23 276
0%
24 300
0%
25 325
0%
26 351
0%
8 36
0%
27 378
0%
28 406
0%
29 435
0%
30 465
0%
31 496
0%
33 561
0%
3 6
0%
35 630
0%
11 66
0%
36 666
0%
37 703
0%
37 703
0%
38 741
0%
12 78
0%
42 903
0%
13 91`
0%
43 946
0%
44 990
0%
No matching quizzes found
Score Distribution
Percent of People with Each Score
Percentile by Number Answered
Your Score History
You have not taken this quiz